000 00927nam a22002297a 4500
005 20240530110451.0
008 150511s2009 ua g 000 0 ara d
017 _a2009/9900
_bمصر . دار الكتب المصرية
020 _a9789776276772
040 _aEG-CaGPL
082 0 4 _221
_a239\
_bم ر
100 0 _aمجدى سيد عبدالعزيز
245 1 2 _aالرؤى الشريفة :
_bالذين رأوا النبى صلى الله عليه وسلم فى المنام /
_cمجدى سيد عبدالعزيز
250 _aط1
260 _aالقاهرة :
_bدار العالم العربى ،
_c2009 .
300 _a120 ص ؛
_c20 سم
504 _aيشتمل على ارجاعات ببليوجرافية
650 0 4 _aالسيرة النبوية
650 0 4 _aرؤيا الرسول صلى الله عليه وسلم فى المنام
942 _2ddc
_cBK
999 _c61250
_d61250